The New York Times: Cook book

Na minha lista:
Detalhes bibliográficos
Formato: Livro
Idioma:Undetermined
Publicado em: New York Harper and Row 1961
Assuntos:
Tags: Adicionar Tag
Sem tags, seja o primeiro a adicionar uma tag!
Thư viện lưu trữ: Trung tâm Học liệu Trường Đại học Cần Thơ
LEADER 00419nam a2200157Ia 4500
001 CTU_14592
008 210402s9999 xx 000 0 und d
082 |a 641.59 
082 |b N532 
245 4 |a The New York Times: Cook book 
260 |a New York 
260 |b Harper and Row 
260 |c 1961 
650 |a cookery,home economics 
904 |i Minh, 970106 
980 |a Trung tâm Học liệu Trường Đại học Cần Thơ